| 000 | 00496nam a2200193Ia 4500 | ||
|---|---|---|---|
| 003 | OSt | ||
| 005 | 20221005114154.0 | ||
| 006 | a|||||r|||| 00| 0 | ||
| 007 | ta | ||
| 008 | 221004b |||||||| |||| 00| 0 eng d | ||
| 024 | _a120605 | ||
| 037 | _cTextual | ||
| 040 |
_aCRL _cCRL _beng |
||
| 041 |
_2eng _aeng |
||
| 100 |
_aLinguaphone Conversational _9625575 |
||
| 245 | 0 | _aAnnotated vocalmlary to the Russian | |
| 942 |
_cTEXL _2cc |
||
| 999 |
_c1030473 _d1030473 |
||